Statistics for Broken Home - 5 Seconds of Summer (All Lyrics)

Click here to take the quiz!

General Stats

  • This quiz has been taken 217 times
  • The average score is 272 of 335

Answer Stats

Broken Home% Correct
The
98%
the
98%
A
97%
a
97%
broken
97%
home
97%
in
97%
this
97%
This
97%
Who
97%
you
97%
dad
96%
mom
96%
When
96%
did
95%
ChorusHey
95%
hey
95%
your
95%
Your
95%
her
94%
it
94%
end?
93%
lose
93%
I'm
92%
out
92%
alone
91%
happiness?
91%
here
91%
of
91%
scream
91%
cares?
90%
inside
90%
really
90%
right?
89%
she
89%
She
89%
wrong?
89%
pain
88%
Verse 1They
88%
they
88%
Who's
88%
still
86%
would
86%
There
85%
there
85%
blame
83%
fighting
83%
were
83%
yell
82%
was
79%
walls
78%
down
77%
fault
77%
hope
77%
now?
74%
now
74%
pain's
74%
dream
73%
All
70%
all
70%
fall
70%
pray
70%
hold
69%
memory
68%
on
68%
it's
66%
like
66%
Like
66%
waiting
66%
these
63%
Holding
61%
she's
60%
She's
60%
watches
60%
While
60%
are
59%
glass
59%
past
58%
listening
56%
to
56%
Shattered
55%
and
54%
fading
53%
Sharp
53%
that
53%
words
53%
cutting
52%
Made
52%
clear
51%
knives
51%
onto
51%
Verse 2Wrote
51%
go
50%
scar
50%
screaming
50%
battles
49%
Just
48%
ghost
47%
love
47%
they're
47%
vacant
47%
halls
46%
light
46%
You're
45%
bruises
44%
empty
44%
Feeling
41%
fought
41%
let
41%
wars
41%
you've
41%
BridgeYou've
41%
brought
40%
times
40%
gotta
39%
losing
38%
cold
36%
left
36%
stuck
35%
between
34%
life
34%
nightmare
34%
Nothing
34%
Locked
33%
lost
33%
memories
33%
dreams
28%
washed
25%
scenes
18%

Score Distribution

Percentile by Number Answered

Percent of People with Each Score

Your Score History

You have not taken this quiz